[Event "Coventry 4NCL op-B 16th"]
[Site "Coventry"]
[Date "2017.11.04"]
[Round "3"]
[White "Lawrence, Roy A"]
[Black "Horrell, Stephen A"]
[Result "1-0"]
[WhiteElo "1720"]
[BlackElo "1568"]
[PlyCount "101"]
[EventDate "2017.11.03"]
[EventType "swiss"]
[EventRounds "5"]
[EventCountry "ENG"]
[SourceTitle "CBM 181 Extra"]
[Source "ChessBase"]
[SourceDate "2017.12.12"]
[SourceVersion "1"]
[SourceVersionDate "2017.12.12"]
[SourceQuality "1"]

1. d4 Nf6 2. Nf3 d5 3. e3 e6 4. c4 c6 5. Nc3 Bb4 6. Bd3 Nbd7 7. 0-0 0-0 8. Qc2 dxc4 9. Bxc4 Re8 10. e4 Qc7 11. Bg5 h6 12. Bh4 Qa5 13. e5 Nd5 14. Ne4 b5 15. Bd3 Nf4 16. a3 Bf8 17. b4 Qb6 18. Rfd1 Nxd3 19. Rxd3 Bb7 20. Nc5 Qc7 21. Bg3 a5 22. Rc1 Nxc5 23. dxc5 axb4 24. axb4 Red8 25. Rcd1 Rd5 26. Rxd5 cxd5 27. Nd4 Bc6 28. Qe2 Qb7 29. Qg4 Qd7 30. Bf4 Kh7 31. h4 Ra3 32. Bc1 Ra4 33. Bd2 Ra3 34. Qf4 Kg8 35. Bc1 Ra4 36. Bd2 Ra3 37. Re1 Be7 38. Bc1 Ra4 39. Bd2 Ra3 40. Qg4 Kh7 41. Qh5 Kg8 42. g4 Rh3 43. g5 Bxg5 44. Bxg5 hxg5 45. Qxg5 Rd3 46. Qg4 Qc7 47. h5 Be8 48. h6 g6 49. Qh4 Kh7 50. Kg2 Qa7 51. Qf6 1-0

[Event "Coventry 4NCL op-B 16th"]
[Site "Coventry"]
[Date "2017.11.03"]
[Round "1"]
[White "McEwan, Peter"]
[Black "Lawrence, Roy A"]
[Result "1-0"]
[WhiteElo "1898"]
[BlackElo "1720"]
[PlyCount "117"]
[EventDate "2017.11.03"]
[EventType "swiss"]
[EventRounds "5"]
[EventCountry "ENG"]
[SourceTitle "CBM 181 Extra"]
[Source "ChessBase"]
[SourceDate "2017.12.12"]
[SourceVersion "1"]
[SourceVersionDate "2017.12.12"]
[SourceQuality "1"]

1. e4 g6 2. d4 Bg7 3. Nc3 d6 4. Be3 Nf6 5. f3 Nbd7 6. Qd2 e5 7. dxe5 dxe5 8. Bh6 Bxh6 9. Qxh6 Nb6 10. Bd3 Be6 11. 0-0-0 Qe7 12. Qg5 0-0-0 13. Qxe5 Nfd7 14. Qa5 Kb8 15. Nge2 Nc5 16. Kb1 c6 17. Nf4 Bc8 18. g3 Qe5 19. Be2 Qe7 20. Nd3 Ncd7 21. Nc1 Ne5 22. h4 Nbc4 23. Bxc4 Nxc4 24. Qg5 Qb4 25. Nb3 Qb6 26. Qf4+ Qc7 27. Qxc7+ Kxc7 28. Rxd8 Rxd8 29. Kc1 Ne5 30. Rf1 b6 31. Rf2 Be6 32. f4 Bxb3 33. axb3 Ng4 34. Rd2 Rxd2 35. Kxd2 Nf6 36. e5 Nh5 37. Ne4 h6 38. Ke3 Kd7 39. g4 Ng7 40. Nd6 Ke6 41. Nc8 Ne8 42. b4 Nc7 43. c4 b5 44. b3 a6 45. Ke4 Ne8 46. f5+ Kd7 47. Na7 Nc7 48. fxg6 fxg6 49. h5 gxh5 50. gxh5 bxc4 51. bxc4 c5 52. b5 a5 53. b6 Na6 54. Kf5 a4 55. Nb5 Nb8 56. Kf6 Ke8 57. e6 Nc6 58. b7 Nb8 59. e7 1-0